Puteri telur yang jelita dan Pong Bulu Pala dengan abang-abangnya

Bibliographic Details
Main Author: Yulis Haji Alwi
Format: Book
Published: Klang : Pustaka Mawar , 1995
Series:Siri rakyat klasik
Subjects:

MARC

LEADER 00000cam a2200000 7i4500
001 0000009183
002 000010001
005 20070109.0
020 |a 9838751014 
090 0 0 |a JF   |b YUL 
100 0 |a Yulis Haji Alwi 
245 1 0 |a Puteri telur yang jelita dan Pong Bulu Pala dengan abang-abangnya   |c diceritakan semula oleh Yulis Haji Alwi 
260 |a Klang :   |b Pustaka Mawar ,   |c 1995 
300 |a 39p. :   |b ill. ;   |c 18cm. 
490 0 |a Siri rakyat klasik 
650 0 0 |a Folk literature, Malay 
999 |a 040587   |b BUKU   |c PINJAMAN   |e PERPUSTAKAAN KOMUNITI PETALING JAYA 
999 |a 085576   |b BUKU   |c PINJAMAN   |e PERPUSTAKAAN KOMUNITI PETALING JAYA